000 01333nam a22003617a 4500
003 CHAP
005 20220329143151.0
008 060925d2006 mx r 00110 spa d
010 _a92789
011 _a93761
035 _a104341
040 _cCHAP
090 _aTesis
100 1 _aMaldonado Méndez, María de Lourdes.
_970115
245 1 0 _aSeveridad de los incendios forestales en el estado arbóreo de la Reserva de la Biósfera Selva El Ocote, Chiapas
_c/por María de Lourdes Maldonado Méndez
260 _aChapingo, Méx. :
_bEl autor,
_c2006.
300 _a47 h. :
_bilus.
502 _aTesis (Ing. Forestal) - - UACH. División de Ciencias Forestales
590 _aALEPH
_b10
_c20130110
_lUCH01
_h1514
590 _aBATCH-UPD
_b10
_c20130110
_lUCH01
_h0543
590 _aBATCH-UPD
_b10
_c20130410
_lUCH01
_h0224
590 _aBATCH-UPD
_b10
_c20130914
_lUCH01
_h0723
590 _aCONVERSION
_b10
_c20130109
_lUCH01
_h1351
650 1 4 _aBosques
_xIncendios
_zChiapas.
_914230
650 1 4 _aBosques
_zChiapas.
_914414
650 1 4 _aReserva de la biósfera Selva el Ocote, Chiapas.
_996097
650 1 4 _aSinecología.
_9106578
901 _aBK
905 _aLilia
942 _cFOLL
949 _aTesis
_bBC
_cTES
_d00000001043411
_eTS1
_h45757
_i104341
_sb
949 _aTesis
_bBC
_cTES
_d33724000995643
_eTS2
_fc.2
_h45758
_i104341
_si
999 _c92789
_d92789